| 000 | 01179cam a2200349 a 4500 | ||
|---|---|---|---|
| 001 | 14901697 | ||
| 003 | OSt | ||
| 005 | 20240724105038.0 | ||
| 008 | 070625s2008 caua b 001 0 eng d | ||
| 010 | _a 2007931607 | ||
| 015 |
_aGBA673216 _2bnb |
||
| 016 | 7 |
_a013538124 _2Uk |
|
| 020 | _a0761970118 (hbk.) | ||
| 020 | _a9780761970118 (hbk.) | ||
| 020 | _a0761970126 (pbk.) | ||
| 020 | _a9780761970125 (pbk.) | ||
| 035 | _a(OCoLC)ocm71165778 | ||
| 040 |
_aUKM _cMUST _dBAKER _dBTCTA _dNLGGC _dYDXCP _dBWKUK _dBWK _dDLC |
||
| 042 | _alccopycat | ||
| 082 | _a310 HUT 2008 | ||
| 100 | 1 |
_aHutcheson, Graeme. _918992 |
|
| 245 | 1 | 0 |
_aStatistical modeling for management / _cGraeme D. Hutcheson, Luiz Moutinho. |
| 260 |
_aLondon ; _aLos Angeles : _bSAGE, _c2008. |
||
| 300 |
_axviii, 235 p. : _bill. ; _c25 cm. |
||
| 504 | _aIncludes bibliographical references (p. [223]-230) and index. | ||
| 650 | 0 |
_aMarketing _xMathematical models. _918993 |
|
| 650 | 0 |
_aMarketing _xStatistical methods. _918994 |
|
| 700 | 1 |
_aMoutinho, Luiz. _918995 |
|
| 906 |
_a7 _bcbc _ccopycat _d2 _eepcn _f20 _gy-gencatlg |
||
| 942 |
_2ddc _cO_SHELF |
||
| 999 |
_c9288 _d9288 |
||